<?xml version="1.0" encoding="UTF-8"?>
<record
    xmlns:xsi="http://www.w3.org/2001/XMLSchema-instance"
    xsi:schemaLocation="http://www.loc.gov/MARC21/slim http://www.loc.gov/standards/marcxml/schema/MARC21slim.xsd"
    xmlns="http://www.loc.gov/MARC21/slim">

  <leader>00911nam a2200157Ia 4500</leader>
  <controlfield tag="003">LK-CoDNM</controlfield>
  <controlfield tag="008">010623t    xxu||||| |||| 00| 1 sin d</controlfield>
  <datafield tag="040" ind1=" " ind2=" ">
    <subfield code="a">LK-CoDNM</subfield>
    <subfield code="d">LK-CoDNM</subfield>
    <subfield code="e">LK-CoDNM</subfield>
  </datafield>
  <datafield tag="041" ind1=" " ind2=" ">
    <subfield code="a">sin</subfield>
  </datafield>
  <datafield tag="080" ind1=" " ind2=" ">
    <subfield code="a">32</subfield>
  </datafield>
  <datafield tag="245" ind1=" " ind2=" ">
    <subfield code="a">&#xD85;&#xDAD;&#xDD2;&#xD9C;&#xDBB;&#xDD4; &#xDA0;&#xDB1;&#xDCA;&#xDAF;&#xDCA;&#x200D;&#xDBB;&#xDD2;&#xD9A;&#xDCF; &#xDB6;&#xDAB;&#xDCA;&#xDA9;&#xDCF;&#xDBB;&#xDB1;&#xDCF;&#xDBA;&#xD9A; &#xD9A;&#xDD4;&#xDB8;&#xDCF;&#xDBB;&#xDAD;&#xDD4;&#xD82;&#xD9C; &#xDB8;&#xDD0;&#xDAD;&#xDD2;&#xDB1;&#xDD2;&#xDBA; &#xDAF;&#xDD9;&#xDC0;&#xDD0;&#xDB1;&#xDD2; &#xDC0;&#xDBB;&#xDA7;&#xDAD;&#xDCA; &#xDA2;&#xDB1;&#xDCF;&#xDB0;&#xDD2;&#xDB4;&#xDAD;&#xDD2;&#xDB0;&#xDD4;&#xDBB;&#xDBA;&#xDDA; &#xDAF;&#xDD2;&#xDC0;&#xDD3;&#xDBB;&#xDD4;&#xDB8;&#xDD2; &#xDAF;&#xDD9;&#xDB8;&#xDCA;&#xDB1;&#xDCA; 1999  &#xDAF;&#xDD9;&#xDC3;&#xDD0;&#xDB8;&#xDD2;&#xDB6;&#xDBB;&#xDCA; 22 &#xDC0;&#xDD0;&#xDB1;&#xDD2; &#xDC3;&#xDD2;&#xDA7; &#xDA2;&#xDCF;&#xDAD;&#xDD2;&#xDBA; &#xDB8;&#xDB1;&#xDCA;&#xDAF;&#xDD2;&#xDBB;&#xDBA;&#xDDA; &#xDC3;&#xDD2;&#xDA7; &#xDA2;&#xDCF;&#xDAD;&#xDD2;&#xDBA; &#xD85;&#xDB8;&#xDAD;&#xDCF; &#xD9A;&#xDC5; &#xD9A;&#xDAE;&#xDCF;&#xDC0;</subfield>
  </datafield>
  <datafield tag="246" ind1=" " ind2=" ">
    <subfield code="a">Address ToThe Nation By Her Excellency The President Chandrika Bandaranayake Kumarathunga At The Second In Auguration On December22,1999 At The Temple Trees</subfield>
  </datafield>
  <datafield tag="260" ind1=" " ind2=" ">
    <subfield code="b">Department Of Goverment Information</subfield>
  </datafield>
  <datafield tag="300" ind1=" " ind2=" ">
    <subfield code="b">31p.;21 cm cm</subfield>
  </datafield>
  <datafield tag="942" ind1=" " ind2=" ">
    <subfield code="c">BK</subfield>
  </datafield>
  <datafield tag="952" ind1=" " ind2=" ">
    <subfield code="0">0</subfield>
    <subfield code="1">0</subfield>
    <subfield code="4">0</subfield>
    <subfield code="7">0</subfield>
    <subfield code="8">MONO</subfield>
    <subfield code="a">MAIN</subfield>
    <subfield code="b">MAIN</subfield>
    <subfield code="d">2023-08-02</subfield>
    <subfield code="l">0</subfield>
    <subfield code="o">32</subfield>
    <subfield code="p">P25822</subfield>
    <subfield code="r">2023-08-02</subfield>
    <subfield code="w">2023-08-02</subfield>
    <subfield code="y">BK</subfield>
  </datafield>
  <datafield tag="999" ind1=" " ind2=" ">
    <subfield code="c">136990</subfield>
    <subfield code="d">136990</subfield>
  </datafield>
</record>
